| Tag |
First Indicator |
Second Indicator |
Subfields |
| LEADER |
00000cam a2200000 4500 |
| 001 |
in00000094682 |
| 005 |
20150927110526.0 |
| 008 |
700306s1970 nyua 00000 eng |
| 010 |
|
|
|a 77101198
|
| 035 |
|
|
|a (OCoLC)00059041
|
| 035 |
|
|
|9 AAL6553AM
|
| 040 |
|
|
|a DLC
|c DLC
|d TXA
|d UtOrBLW
|
| 049 |
|
|
|a TXAM
|c [530698]
|
| 050 |
0 |
0 |
|a TL521
|b .M37
|
| 082 |
0 |
|
|a 387.7/0973
|
| 100 |
1 |
|
|a Marx, Joseph Laurance.
|
| 245 |
1 |
0 |
|a Crisis in the skies.
|
| 264 |
|
1 |
|a New York :
|b McKay,
|c [1970]
|
| 300 |
|
|
|a xiii, 274 pages :
|b illustrations ;
|c 21 cm.
|
| 336 |
|
|
|a text
|b txt
|2 rdacontent
|
| 337 |
|
|
|a unmediated
|b n
|2 rdamedia
|
| 338 |
|
|
|a volume
|b nc
|2 rdacarrier
|
| 650 |
|
0 |
|a Aeronautics, Commercial
|z United States.
|
| 999 |
|
|
|a MARS
|
| 999 |
f |
f |
|s a483f4d9-8df5-36ee-8327-36ba998b52b4
|i 78675615-29ec-30d4-bba3-fea310b7b6bd
|t 0
|
| 952 |
f |
f |
|p ric
|a Texas A&M University
|b Rellis Campus
|c Joint Library Facility
|d Remote Storage
|t 0
|e TL521 .M37
|h Library of Congress classification
|i unmediated -- volume
|m A14805534580
|
| 998 |
f |
f |
|a TL521 .M37
|t 0
|l Remote Storage
|